Destinos del Aeropuerto Internacional Benito Juárez (Ciudad de México) - Estadísticas

Estadísticas generales
  • Esta prueba ha sido intentada 23 veces
  • La puntuación promedio es 63 de 108
Estadísticas de respuestas
Aerolíneas Destino % Correcto
AeroméxicoAmerican Airlines United Airlines
Viva
Volaris
Chicago
100%
Aeroméxico
Viva
Volaris
Monterrey
100%
Emirates Barcelona
90%
AeroméxicoAvianca
Volaris
Bogotá
90%
Aeroméxico
Magnicharters
Viva
Volaris
Cancún
90%
Aeroméxico American Airlines Volaris Dallas-Fort Worth
90%
Aeroméxico
Viva
Volaris
Guadalajara
90%
Aeroméxico
United Airlines
Viva
Volaris
Houston
90%
Aeroméxico Volaris La Paz
90%
Aeroméxico LATAM Airlines Volaris Lima
90%
AeroméxicoBritish Airways Londres
90%
Aeroméxico
American Airlines
Viva Volaris
Los Ángeles
90%
AeroméxicoIberia Madrid
90%
Aeroméxico
American Airlines
Delta Airlines Viva
Nueva York
90%
AeroméxicoAir France París
90%
Hainan Airlines Pekín
90%
Aeroméxico United Airlines San Francisco
90%
Aeroméxico LATAM Airlines Santiago de Chile
90%
AeroméxicoLATAM Airlines São Paulo
90%
Aeroméxico
Viva
Volaris
Tijuana
90%
AeroméxicoAll Nippon Airways Tokio
90%
AeroméxicoVolaris Ciudad de Guatemala
80%
Aeroméxico Copa Airlines Ciudad de Panamá
80%
Aeroméxico American Airlines Volaris Miami
80%
Aeroméxico Roma
80%
Aeroméxico
Avianca
Volaris
San José (CR)
80%
Aeroméxico
Viva
Volaris
San José del Cabo
80%
Aeroméxico Seattle
80%
Aeroméxico
Air Canada
Flair Airlines
Toronto
80%
Aeroméxico United Airlines Washington D. C.
80%
AeroméxicoVolaris Acapulco
70%
AeroméxicoKLM Ámsterdam
70%
Aeroméxico Boston
70%
Aeroméxico Buenos Aires
70%
Aeroméxico
Viva
Volaris
Ciudad Juárez
70%
Turkish Airlines Estambul
70%
Aeroméxico
Viva
Volaris
Hermosillo
70%
Aeroméxico Avianca Medellín
70%
Aeroméxico Magnicharters Viva Volaris Mérida
70%
Aeroméxico Volaris Mexicali
70%
Aeroméxico Santo Domingo
70%
Aeroméxico Seúl
70%
Aeroméxico Viva Veracruz
70%
Aeroméxico Aguascalientes
60%
Aeroméxico Austin
60%
Aeroméxico Cartagena de Indias
60%
American Airlines Charlotte
60%
Aeroméxico
Viva
Volaris
Chihuahua
60%
Emirates Dubái
60%
Aeroméxico La Habana
60%
Aeroméxico León/El Bajío
60%
Aeroméxico Managua
60%
Aeroméxico Air Canada Montreal
60%
AeroméxicoVolaris Orlando
60%
Aeroméxico American Airlines Phoenix
60%
Aeroméxico Querétaro
60%
Aeroméxico
Avianca
Volaris
San Salvador
60%
Aeroméxico Viva Torreón
60%
AeroméxicoAir Canada Flair Airlines Vancouver
60%
Aeroméxico
Viva
Volaris
Villahermosa
60%
Delta Airlines Atlanta
50%
Aeroméxico Cali
50%
Aeroméxico Volaris Culiacán
50%
Delta Airlines Detroit
50%
Aeroméxico Durango
50%
Lufthansa Fráncfort
50%
Aeroméxico Matamoros
50%
Aeroméxico Morelia
50%
Aeroméxico Nuevo Laredo
50%
Aeroméxico
Viva
Volaris
Oaxaca
50%
Aeroméxico
Viva
Volaris
Puerto Escondido
50%
Aeroméxico
Viva
Volaris
Puerto Vallarta
50%
Aeroméxico Tampa
50%
Aeroméxico Tampico
50%
Aeroméxico Tulum
50%
Aeroméxico
Viva
Volaris
Tuxtla Gutiérrez
50%
Aeroméxico Zacatecas
50%
Aeroméxico
Viva
Volaris
Chetumal
40%
AeroméxicoUnited Airlines
Volaris
Denver
40%
Aeroméxico Viva Volaris Las Vegas
40%
Aeroméxico
Viva
Volaris
Mazatlán
40%
Aeroméxico Minatitlán/Coatzacoalcos
40%
Aeroméxico
United Airlines
Volaris
Newark
40%
Aeroméxico San Juan
40%
Aeroméxico Volaris Tapachula
40%
Aeroméxico Campeche
30%
Aeroméxico Ciudad del Carmen
30%
Aeroméxico Ciudad Obregón
30%
Aeroméxico Filadelfia
30%
Aeroméxico Volaris Los Mochis
30%
Aeroméxico Manzanillo
30%
Delta Airlines Mineápolis
30%
Lufthansa Múnich
30%
Aeroméxico Punta Cana
30%
Aeroméxico Viva Reynosa
30%
AeroméxicoDelta Airlines Salt Lake City
30%
Aeroméxico San Luis Potosí
30%
Aeroméxico Tepic
30%
WestJet Calgary
20%
Aeroméxico Volaris Cozumel
20%
Aeroméxico Volaris Ixtapa/Zihuatanejo
20%
Volaris Oakland
20%
Aeroméxico Raleigh
20%
Aeroméxico
Viva
Volaris
San Antonio
20%
Aeroméxico San Pedro Sula
20%
China Southern Airlines Shenzhen
20%
Aeroméxico
Magnicharters
Viva
Volaris
Huatulco
10%
Volaris Sacramento
10%
No se encontraron pruebas coincidentes
Distribución de puntuación
Porcentaje de gente con cada puntuación
Porcentaje por número respondido
Historial de tus puntuaciones
No has intentado esta prueba.